Cambio climático : (Registro nro. 15543)
[ vista simple ]
| 000 -LEADER | |
|---|---|
| fixed length control field | 01205nam a22002537a 4500 |
| 003 - CONTROL NUMBER IDENTIFIER | |
| control field | OSt |
| 005 - DATE AND TIME OF LATEST TRANSACTION | |
| control field | 20210414171356.0 |
| 008 - FIXED-LENGTH DATA ELEMENTS--GENERAL INFORMATION | |
| fixed length control field | 210414s2010 ck aod|gr|||| 00| 0 spa d |
| 020 ## - INTERNATIONAL STANDARD BOOK NUMBER | |
| International Standard Book Number | 9789589954607 |
| 040 ## - CATALOGING SOURCE | |
| Original cataloging agency | CO-JMCR |
| Transcribing agency | CO-JMCR |
| 041 0# - LANGUAGE CODE | |
| Language code of text/sound track or separate title | spa |
| 082 04 - DEWEY DECIMAL CLASSIFICATION NUMBER | |
| Classification number | 363.73874 / |
| Item number | U588c |
| Edition number | 23 |
| 110 2# - MAIN ENTRY--CORPORATE NAME | |
| Corporate name or jurisdiction name as entry element | Universidad de los Andes |
| 9 (RLIN) | 10674 |
| 245 10 - TITLE STATEMENT | |
| Title | Cambio climático : |
| Remainder of title | diagnóstico, perspectivas y lineamientos para definir estrategias posibles ante el cambio climático / |
| Statement of responsibility, etc. | Universidad de los Andes, Codensa, Emgesa |
| 260 ## - PUBLICATION, DISTRIBUTION, ETC. | |
| Place of publication, distribution, etc. | Bogotá : |
| Name of publisher, distributor, etc. | Universidad de los Andes ; Codensa ; Emgesa, |
| Date of publication, distribution, etc. | 2010 |
| 300 ## - PHYSICAL DESCRIPTION | |
| Extent | 115 páginas : |
| Other physical details | ilustraciones, gráficas y fotografías a color ; |
| Dimensions | 24 cm. |
| 505 0# - FORMATTED CONTENTS NOTE | |
| Formatted contents note | Inventario emisiones de Gei -- Proyección de emisiones y evaluación de medidas de mitigación -- Medidas y potencial de mitigación -- Lineamientos para la mitigación de emisiones de Gei en el sector energético -- Posibles acciones y medidas de adaptación |
| 650 14 - SUBJECT ADDED ENTRY--TOPICAL TERM | |
| Topical term or geographic name entry element | Cambios climáticos |
| Geographic subdivision | Colombia |
| 9 (RLIN) | 36404 |
| 650 24 - SUBJECT ADDED ENTRY--TOPICAL TERM | |
| Topical term or geographic name entry element | Impacto ambiental |
| Geographic subdivision | Colombia |
| 9 (RLIN) | 36855 |
| 651 #4 - SUBJECT ADDED ENTRY--GEOGRAPHIC NAME | |
| Geographic name | Colombia |
| General subdivision | Condiciones ambientales |
| 9 (RLIN) | 36856 |
| 710 1# - ADDED ENTRY--CORPORATE NAME | |
| Corporate name or jurisdiction name as entry element | Emgesa |
| 9 (RLIN) | 36857 |
| 710 1# - ADDED ENTRY--CORPORATE NAME | |
| Corporate name or jurisdiction name as entry element | Codensa |
| 9 (RLIN) | 36858 |
| 942 ## - ADDED ENTRY ELEMENTS (KOHA) | |
| Source of classification or shelving scheme | Dewey Decimal Classification |
| Koha item type | Books |
| Withdrawn status | Lost status | Source of classification or shelving scheme | Damaged status | Not for loan | Collection code | Home library | Current library | Date acquired | Source of acquisition | Total Checkouts | Full call number | Barcode | Date last seen | Copy number | Price effective from | Koha item type |
|---|---|---|---|---|---|---|---|---|---|---|---|---|---|---|---|---|
| Dewey Decimal Classification | Non-fiction | Biblioteca Pública José María del Castillo y Rada | Biblioteca Pública José María del Castillo y Rada | 04/15/2018 | Donación | 363.73874 / U588c | 201810957 | 05/16/2024 | Ej.1 | 04/14/2021 | Books |